01533nam a2200337 i 4500001001000000003000900010005001700019007000300036008004100039040003000080049000900110082002000119110009700139245020000236264007100436300005700507336002700564337003300591338002800624504004000652700003400692700002900726700003400755700002500789700002800814700005200842942001400894952013200908952013801040999001701178000013757DO-SdBNP20250130135935.0ta091130s1987 dr ad 000 0 spa d aDO-SdBNPbspacBNPHUerda aBNPD 4axxxxbR426s2221 aRepública Dominicana.bSecretaría de Estado de Educación, Bellas Artes y Cultos92396510aRecursos audiovisuales /cPatria Nilda Bautista, Patria Nilda Bautista, Josefina Billini, José Alfonso Cabral, Verena Genao, Rafaela Pérez, Anamia de León ; coordinadora, Anamia de León. 1aSanto Domingo :b Dirección General de Medios Educativos,c1987. a228 páginas :bilustraciones, gráficos ;c25 cm. atextobtxt2rdacontent asin mediaciónbn2rdamedia avolumenbnc2rdacarrier aBibliografía : páginas 226 -2281 aBautista, Patria Nilda9312231 aBillini, Josefina9312241 aCabral, José Alfonso9312251 aGenao, Verena9312261 aPérez, Rafaela9312271 aLeón, Anamia de,ecoordinadora4coord.931228 2ddccLBS1 00102ddc51708PDaBNPHUbBNPHUcCTd2009-11-30l0oBNPHU PD xxxx R426sp13757-10r2020-06-25w2020-06-25yLBS1ZNo se presta 00102ddc51708PDaBNPHUbBNPHUcCTd2010-03-10l0oBNPHU PD xxxx R426sp13757-20r2020-06-25te. 2w2020-06-25yLBS1ZNo se presta c13370d13370